La Samaritaine (Record no. 170161)

MARC details
000 -LEADER
campo de control de longitud fija 00727nam a2200205 i 4500
001 - NÚMERO DE CONTROL
campo de control 170161
003 - IDENTIFICADOR DE NÚMERO DE CONTROL
campo de control ES-MaACL
005 - FECHA Y HORA DE LA ÚLTIMA TRANSACCIÓN
campo de control 20230906214315.0
008 - DATOS DE LONGITUD FIJA--INFORMACIÓN GENERAL
campo de control de longitud fija 090206s1941 fr |||| | fre d
080 ## - NÚMERO DE LA CLASIFICACIÓN DECIMAL UNIVERSAL
Número de la Clasificación Decimal Universal 821.133.1-12"18"
100 0# - ENTRADA PRINCIPAL--NOMBRE DE PERSONA
Nombre de persona Rostand, Edmond.
9 (RLIN) 99921
245 13 - MENCIÓN DEL TÍTULO
Título La Samaritaine
Resto del título : evangile en trois tableaux en vers /
Mención de responsabilidad, etc. Edmond Rostand ; 41 bois originaux de Jean Lébédeff.
260 ## - PUBLICACIÓN, DISTRIBUCIÓN, ETC.
Lugar de publicación, distribución, etc. Paris :
Nombre del editor, distribuidor, etc. Arthème Fayard,
Fecha de publicación, distribución, etc. 1941.
300 ## - DESCRIPCIÓN FÍSICA
Extensión 112 p. :
Otras características físicas il. ;
Dimensiones 24 cm.
490 1# - MENCIÓN DE SERIE
Mención de serie Le livre de demain ;
Designación de volumen o secuencia 224
700 1# - ENTRADA AGREGADA--NOMBRE PERSONAL
Nombre de persona Lebedeff, Jean.
9 (RLIN) 139379
830 0# - PUNTO DE ACCESO ADICIONAL DE SERIE-TÍTULO UNIFORME
Título uniforme Le livre de demain ;
Designación de volumen o secuencia 224
9 (RLIN) 183404
852 4# - LOCALIZACIÓN
Ubicación ES-MaACL
Número de control de estantería E-12425
itemnumber R.140611
Nota libre . - Biblioteca Jacinto Martínez Lacalle
Holdings
Estatus retirado Estado de pérdida Estado de daño No para préstamo Biblioteca de origen Biblioteca actual Ubicación en estantería Fecha de adquisición Fuente de adquisición Total de préstamos Signatura topográfica completa Código de barras Visto por última vez Precio de reemplazo Tipo de ítem Koha
        Biblioteca del Ateneo de Madrid Biblioteca del Ateneo de Madrid Depósito 2 06/02/2009     E-12425 1178646 23/02/2023 23/02/2023 Libro impreso